Sinh học hiện đại và thực tiễn sản xuất /

সংরক্ষণ করুন:
গ্রন্থ-পঞ্জীর বিবরন
প্রধান লেখক: Nguyễn Như Hiền.
বিন্যাস: Sách giấy
ভাষা:Vietnamese
প্রকাশিত: H. : Khoa học và kỹ thuật, 1979.
ট্যাগগুলো: ট্যাগ যুক্ত করুন
কোনো ট্যাগ নেই, প্রথমজন হিসাবে ট্যাগ করুন!
Thư viện lưu trữ: Thư viện Trường Đại học Đà Lạt
LEADER 00646nam a2200265 4500
001 DLU110121972
005 ##20110526
040 # # |a DLU  |b vie 
041 # # |a vie 
044 # # |a vn 
082 # # |a 578.6  |b NG-H 
100 # # |a Nguyễn Như Hiền. 
245 # # |a Sinh học hiện đại và thực tiễn sản xuất /  |c Nguyễn Như Hiền. 
260 # # |a H. :  |b Khoa học và kỹ thuật,  |c 1979. 
300 # # |a 166 tr. ;  |c 19 cm. 
991 # # |a SH 
992 # # |a 075 
994 # # |a DLU 
900 # # |a True 
911 # # |a Trương Thị Mỹ Lệ 
925 # # |a G 
926 # # |a A 
927 # # |a SH 
980 # # |a Thư viện Trường Đại học Đà Lạt